Το διαδίκτυο ως μέσο επικοινωνίας ανάμεσα στο μουσείο και το κοινό του : το μουσείο της Θεσσαλονίκης

Αποθηκεύτηκε σε:
Λεπτομέρειες βιβλιογραφικής εγγραφής
Κύριος συγγραφέας: Μποζοπούλου, Ειρήνη
Συγγραφή απο Οργανισμό/Αρχή: Πανεπιστήμιο Αιγαίου. Σχολή Κοινωνικών Επιστημών. Τμήμα Πολιτισμικής Τεχνολογίας και Επικοινωνίας. Πρόγραμμα Μεταπτυχιακών Σπουδών Πολιτισμική Πληροφορική και Επικοινωνία
Μορφή: Thesis Βιβλίο
Γλώσσα:Greek
Δημοσίευση: [2007]
Θέματα:
Διαθέσιμο Online:http://hdl.handle.net/11610/16382
Ετικέτες: Προσθήκη ετικέτας
Δεν υπάρχουν, Καταχωρήστε ετικέτα πρώτοι!

MARC

LEADER 00000cam a2200000 i 4500
001 1/1043
008 090825s2007 gr | ||| |||| ||gre||
035 |l 10105453 
040 |a GR-MyUa  |b gre  |e AACR2 
041 0 |a gre 
082 7 |a 791   |2 (22) 
100 1 |a Μποζοπούλου, Ειρήνη. 
245 1 3 |a Το διαδίκτυο ως μέσο επικοινωνίας ανάμεσα στο μουσείο και το κοινό του :   |b το μουσείο της Θεσσαλονίκης /   |c Ειρήνη Μποζοπούλου ; [επιβλέπων καθηγητής]: Χρήστος Αναγνωστόπουλος. 
260 |c [2007] 
300 |a 142 σ. :   |b εικ. ;   |c 30 εκ. 
502 |a Διατριβή (μεταπτυχιακή) – Πανεπιστήμιο Αιγαίου, Λέσβος, 2007. 
650 0 0 |a Web sites  |x Design  |x Case studies. 
650 0 0 |a Virtual museums. 
650 0 0 |a Museums  |x Technological innovations. 
650 0 0 |a Web site development. 
650 0 0 |a Motion pictures  |x Audio-visual aids. 
650 0 0 |a Dissertations, Academic  |z Greece. 
700 1 |a Αναγνωστόπουλος, Χρήστος,  |e dgs 
710 2 |a Πανεπιστήμιο Αιγαίου.   |b Σχολή Κοινωνικών Επιστημών.   |b Τμήμα Πολιτισμικής Τεχνολογίας και Επικοινωνίας.   |b Πρόγραμμα Μεταπτυχιακών Σπουδών Πολιτισμική Πληροφορική και Επικοινωνία. 
852 |a INST  |b LESVOS  |c DIATR  |e 20090825  |h 133  |p 005100045096  |q 005100045096  |t MTXE  |y 23 
852 |a INST  |b LESVOS  |c DIATR  |e 20090825  |h 134  |p 005100045097  |q 005100045097  |t MTXE  |y 23 
856 |u http://hdl.handle.net/11610/16382 
901 |a BIBL1-2009-2 
924 |a Μποζοπούλου  |b Ειρήνη  |y Λέσβος  |z 2007-11 
970 |a ΤΖΑΦΕΡΗ  |b ΕΥΑΓΓΕΛΙΑ  |z 2009/08/25